Stores Management Manual (Record no. 6324)

MARC details
005 - DATE AND TIME OF LATEST TRANSACTION
control field 20250629123557.0
082 ## - DEWEY DECIMAL CLASSIFICATION NUMBER
Classification number 658.78 TES
100 ## - MAIN ENTRY--PERSONAL NAME
Author name TESHA. C .P .
245 ## - TITLE STATEMENT
Title Stores Management Manual
260 ## - PUBLICATION, DISTRIBUTION, ETC.
Place of publication, distribution, etc. Dar es salaam,
Name of publisher, distributor, etc. Tesha, c . p.,
Date of publication, distribution, etc. 1991.
300 ## - PHYSICAL DESCRIPTION
Extent 148p.: ill.; figure, table,
Dimensions 20cm.
942 ## - ADDED ENTRY ELEMENTS (KOHA)
Source of classification or shelving scheme Dewey Decimal Classification
Koha item type Books

No items available.